Loading...
| History - Other History | 0 | 5 | 1 | 1 | 45 | 24 | 74.80 | 2 | 5 | 
| History - European History | 0 | 4 | 1 | 0 | 35 | 39 | 74.75 | 1 | 4 | 
| Social Science | 0 | 3 | 0 | 1 | 30 | 36 | 76.67 | 1 | 3 | 
| Fine Arts - Other Fine Arts | 0 | 3 | 1 | 2 | 25 | 66 | 100.00 | 0 | 1 | 
| Religion | 0 | 3 | 1 | 1 | 25 | 79 | 94.00 | 2 | 2 | 
| Mythology | 0 | 3 | 1 | 1 | 25 | 96 | 106.33 | 0 | 0 | 
| Literature - British Literature | 0 | 2 | 0 | 0 | 20 | 85 | 87.00 | 0 | 1 | 
| Science - Physics | 0 | 2 | 0 | 1 | 20 | 83 | 106.00 | 0 | 1 | 
| Current Events | 0 | 2 | 1 | 1 | 15 | 102 | 107.50 | 0 | 0 | 
| Literature - European Literature | 0 | 1 | 0 | 0 | 10 | 134 | 134.00 | 0 | 0 | 
| Literature - World Literature | 0 | 1 | 0 | 0 | 10 | 38 | 38.00 | 0 | 1 | 
| History - World History | 0 | 1 | 0 | 0 | 10 | 49 | 49.00 | 1 | 1 | 
| Geography | 0 | 1 | 0 | 0 | 10 | 44 | 44.00 | 1 | 1 | 
| Literature - American Literature | 0 | 1 | 0 | 0 | 10 | 68 | 68.00 | 0 | 1 | 
| Science - Biology | 0 | 0 | 1 | 0 | -5 | 0.00 | 0 | 0 | |
| Science - Other Science | 0 | 0 | 1 | 0 | -5 | 0.00 | 0 | 0 | |
| Fine Arts - Painting and Sculpture | 0 | 0 | 1 | 0 | -5 | 0.00 | 0 | 0 | |
| History - American History | 0 | 0 | 2 | 0 | -10 | 0.00 | 0 | 0 |